[Event "Condom op"]
[Site "Condom"]
[Date "2008.??.??"]
[Round "7"]
[White "Fejzovski, Enver"]
[Black "Pieri, Pierre Louis"]
[Result "1-0"]
[WhiteElo "2148"]
[BlackElo "1754"]
[PlyCount "45"]
[EventDate "2008.07.12"]
[EventType "swiss"]
[EventRounds "9"]
[EventCountry "FRA"]
[SourceTitle "EXT 2009"]
[Source "ChessBase"]
[SourceDate "2008.11.26"]
[SourceVersion "1"]
[SourceVersionDate "2008.11.26"]
[SourceQuality "1"]

1. Nf3 d5 2. e3 Nf6 3. b3 e6 4. Bb2 Bd6 5. c4 b6 6. Ne5 Bb7 7. cxd5 exd5 8. Bb5+ c6 9. Be2 Qe7 10. Nf3 Ba6 11. d3 Nbd7 12. Nd4 Rc8 13. Nf5 Bb4+ 14. Nd2 Qf8 15. 0-0 g6 16. Nd4 Qh6 17. N4f3 0-0 18. h3 Rfe8 19. a3 Bd6 20. b4 g5 21. Nd4 Ne5 22. Nf5 Qg6 23. Nxd6 1-0

[Event "Casinca-Bastia m"]
[Site "Peru Casevechju"]
[Date "2007.09.09"]
[Round "2"]
[White "Humeau, Cyril"]
[Black "Pieri, Pierre Louis"]
[Result "1-0"]
[WhiteElo "2185"]
[BlackElo "1760"]
[PlyCount "51"]
[EventDate "2007.09.09"]
[EventType "match"]
[EventRounds "8"]
[EventCountry "FRA"]
[SourceTitle "CBM 120 Extra"]
[Source "ChessBase"]
[SourceDate "2007.11.01"]
[SourceVersion "1"]
[SourceVersionDate "2007.11.01"]
[SourceQuality "1"]

1. e4 e5 2. Nf3 Nc6 3. Nc3 Nf6 4. Nxe5 Nxe5 5. d4 Nc6 6. d5 Ne5 7. f4 Ng6 8. e5 Ng8 9. Bd3 d6 10. 0-0 dxe5 11. Re1 Bd6 12. Bxg6 hxg6 13. fxe5 Be7 14. Bf4 g5 15. Bg3 Bd7 16. d6 Bf8 17. Nd5 cxd6 18. exd6+ Be6 19. Nc7+ Kd7 20. Nxe6 fxe6 21. Qg4 Qf6 22. Qa4+ Kc8 23. d7+ Kd8 24. Rad1 b6 25. Qc6 Qe7 26. Qxa8# 1-0

[Event "Casinca-Bastia m"]
[Site "Peru Casevechju"]
[Date "2007.09.09"]
[Round "4"]
[White "Humeau, Cyril"]
[Black "Pieri, Pierre Louis"]
[Result "1-0"]
[WhiteElo "2185"]
[BlackElo "1760"]
[PlyCount "51"]
[EventDate "2007.09.09"]
[EventType "match"]
[EventRounds "8"]
[EventCountry "FRA"]
[SourceTitle "CBM 120 Extra"]
[Source "ChessBase"]
[SourceDate "2007.11.01"]
[SourceVersion "1"]
[SourceVersionDate "2007.11.01"]
[SourceQuality "1"]

1. e4 e5 2. Nf3 Nc6 3. Bb5 a6 4. Bxc6 dxc6 5. 0-0 Bd6 6. d4 exd4 7. e5 Be7 8. Nxd4 Bc5 9. Nb3 Bb6 10. Nc3 Be6 11. Bf4 Ne7 12. Qe2 Nd5 13. Bg3 Nxc3 14. bxc3 0-0 15. Rad1 Qg5 16. Kh1 Rad8 17. f4 Qe7 18. Nd4 Bd5 19. f5 Rfe8 20. Qg4 c5 21. f6 Qf8 22. Nf5 Be6 23. fxg7 Bxf5 24. gxf8Q+ Kxf8 25. Qxf5 Re6 26. Qxf7# 1-0

[Event "Casinca-Bastia m"]
[Site "Peru Casevechju"]
[Date "2007.09.09"]
[Round "8"]
[White "Humeau, Cyril"]
[Black "Pieri, Pierre Louis"]
[Result "1-0"]
[WhiteElo "2185"]
[BlackElo "1760"]
[PlyCount "73"]
[EventDate "2007.09.09"]
[EventType "match"]
[EventRounds "8"]
[EventCountry "FRA"]
[SourceTitle "CBM 120 Extra"]
[Source "ChessBase"]
[SourceDate "2007.11.01"]
[SourceVersion "1"]
[SourceVersionDate "2007.11.01"]
[SourceQuality "1"]

1. e4 e5 2. Nf3 Nc6 3. Bc4 Nf6 4. Ng5 d5 5. exd5 Na5 6. Bb5+ c6 7. dxc6 bxc6 8. Be2 h6 9. Nf3 e4 10. Ng1 Bc5 11. Nc3 Nd5 12. Nxd5 cxd5 13. d4 exd3 14. Bxd3 Qf6 15. Qe2+ Be6 16. Nf3 0-0 17. 0-0 Rfe8 18. Re1 Bh3 19. Qxe8+ Rxe8 20. Rxe8+ Bf8 21. Be3 Bd7 22. Ra8 Bc6 23. Rxa7 Nc4 24. Bxc4 dxc4 25. c3 Bxf3 26. gxf3 Qxf3 27. Bd4 Qe2 28. a4 Qxb2 29. Re1 Bb4 30. Re8+ Kh7 31. Rxf7 Qc1+ 32. Kg2 Qg5+ 33. Kf1 Qc1+ 34. Re1 Qg5 35. Rxg7+ Qxg7 36. Bxg7 Kxg7 37. cxb4 1-0